Polskie stacje i przystanki kolejowe mające w nazwie "Zachodni/a/e" - Statystyki

Ogólne statystyki
  • Ten quiz został rozwiązany 248 razy
    247 od ostatniego zresetowania
  • Średni wynik to 8 z 26
Statystyki odpowiedzi
Hint Odpowiedź % Poprawnych
MZ Warszawa Zachodnia
98%
WM Olsztyn Zachodni
68%
DS Wrocław Zachodni
68%
OP Opole Zachodnie
65%
LU Lublin Zachodni
63%
PK Rzeszów Zachodni
61%
KP Bydgoszcz Zachód
52%
DS Bielawa Zachodnia
36%
MZ Siedlce Zachodnie
32%
DS Jelenia Góra Zachodnia
28%
OP Kędzierzyn-Koźle Zachodnie
24%
DS Boguszów-Gorce Zachód
20%
WP Konin Zachód
18%
WM Ełk Szyba Zachód
16%
MZ Pionki Zachodnie
16%
DS Oława Zachodnia
15%
SL Tychy Zachodnie
15%
LD Łódź Radogoszcz Zachód
13%
LD Łódź Olechów Zachód
10%
SW Skarżysko Zachodnie
10%
DS Sobótka Zachodnia
10%
PO Żukowo Zachodnie
10%
MP Wolbrom Zachodni
8%
WM Ruciane-Nida Zachód
7%
MP Skawina Zachodnia
7%
PK Strzyżów Zachodni
5%
Nie znaleziono quizów pasujących do podanych kryteriów
Rozkład punktacji
Procent ludzi z każdym wynikiem
Percentyl według liczby udzielonych odpowiedzi
Twoja historia wyników
Nie rozwiązałeś tego quizu od ostatniego zresetowania